| 000 | 00511nam a2200169Ia 4500 | ||
|---|---|---|---|
| 008 | 240729s9999 xx 000 0 und d | ||
| 245 | 0 | _aJournal of Creative Industries and Cultural Studies | |
| 260 | _aPortugal | ||
| 260 | _bMediaXXI/ Formalpress | ||
| 650 | _a Industrial relations | ||
| 650 | _a Industries. Land use. Labor | ||
| 650 | _a Labor. Work. Working class | ||
| 650 | _aSocial Sciences | ||
| 856 | _uhttps://doaj.org/toc/13607d247246440198faba6c6061ccf6 | ||
| 942 | _2ddc | ||
| 942 | _cDOAJEJ | ||
| 999 |
_c69019 _d69019 |
||
| 945 |
_a1 _bMadushi Gamage _c1 _dMadushi Gamage |
||